Southville International School and Colleges
Your cart is empty.
  • Cart
  • Lists
    Public lists Eva Luna New books Lux_list list_1
    Your lists Log in to create your own lists
  • Log in to your account
  • Your cookies
  • Search history
Southville International School and Colleges
  • Advanced search
  • Recent comments
  • Most popular
  • Libraries

Log in to your account

Log in with GOOGLE


If you do not have an external account, but do have a local account, you can still log in:

  1. Home
  2. MARC view: The adventures of Robin Hood /
Normal view MARC view ISBD view

The adventures of Robin Hood / (Record no. 7537)

[ view plain ]
MARC details
000 -LEADER
fixed length control field 00679nam a22002297a 4500
003 - CONTROL NUMBER IDENTIFIER
control field SISC
005 - DATE AND TIME OF LATEST TRANSACTION
control field 20160303103212.0
008 - FIXED-LENGTH DATA ELEMENTS--GENERAL INFORMATION
fixed length control field 130723t xxu||||| |||| 00| 0 eng d
020 ## - INTERNATIONAL STANDARD BOOK NUMBER
International Standard Book Number 0140350349
050 ## - LIBRARY OF CONGRESS CALL NUMBER
Classification number PZ 8.1
Item number .G795 1956
082 ## - DEWEY DECIMAL CLASSIFICATION NUMBER
Classification number CLA
Item number G82a 1956
100 ## - MAIN ENTRY--PERSONAL NAME
Personal name Green, Roger Lancelyn
9 (RLIN) 3354
245 ## - TITLE STATEMENT
Title The adventures of Robin Hood /
Statement of responsibility, etc collected and retold by Roger Lancelyn Green.
260 ## - PUBLICATION, DISTRIBUTION, ETC. (IMPRINT)
Place of publication, distribution, etc New York :
Name of publisher, distributor, etc Penguin Group,
Date of publication, distribution, etc c1956.
300 ## - PHYSICAL DESCRIPTION
Extent 256 p. ;
Dimensions 18 cm.
562 ## - COPY AND VERSION IDENTIFICATION NOTE
Number of copies 1
650 ## - SUBJECT ADDED ENTRY--TOPICAL TERM
Topical term or geographic name as entry element Adventures and adventurers
General subdivision Fiction
9 (RLIN) 3355
650 ## - SUBJECT ADDED ENTRY--TOPICAL TERM
Topical term or geographic name as entry element Children's literature
9 (RLIN) 1986
700 ## - ADDED ENTRY--PERSONAL NAME
Personal name Green, Roger Lancelyn
9 (RLIN) 3356
942 ## - ADDED ENTRY ELEMENTS (KOHA)
Source of classification or shelving scheme Library of Congress Classification
Koha item type Books
Holdings
Withdrawn status Lost status Source of classification or shelving scheme Damaged status Home library Current library Shelving location Date acquired Total Checkouts Full call number Barcode Date last seen Copy number Price effective from Koha item type
    Library of Congress Classification   Luxembourg Library Luxembourg Library Classic Section 07/23/2013   PZ 8.1 .G795 1956 1843 03/03/2016 1 07/23/2013 Books

The adventures of Robin Hood /

APA

Green R. L., Green R. L., . (1956). The adventures of Robin Hood. New York: Penguin Group.

Chicago

Green Roger Lancelyn, Green Roger Lancelyn, . 1956. The adventures of Robin Hood. New York: Penguin Group.

Harvard

Green R. L., Green R. L., . (1956). The adventures of Robin Hood. New York: Penguin Group.

MLA

Green Roger Lancelyn, Green Roger Lancelyn, . The adventures of Robin Hood. New York: Penguin Group. 1956.

  • Place hold
  • Print
  • Cite
  • Add to your cart (remove)
  • Save record
    BIBTEX Dublin Core MARCXML MARC (non-Unicode/MARC-8) MARC (Unicode/UTF-8) MARC (Unicode/UTF-8, Standard) MODS (XML) RIS
  • More searches
    Search for this title in:
    Other Libraries (WorldCat) Other Databases (Google Scholar) Online Stores (Bookfinder.com) Open Library (openlibrary.org)

Exporting to Dublin Core...

SOUTHVILLE LIBRARY

Southville International School and Colleges Library

1281 Tropical Ave. Cor. Luxembourg St., BF Homes International, Las Pinas City

Tel. No. 8256374 / 252358 Loc. 117/146

Powered by Koha